• 首页
  • 本馆介绍
  • 公告通知
  • 最新文献
  • 馆藏检索
  • 电子资源
  • 读者导购
  • 参考咨询
  • 我的图书馆
  • 登录
  • 详细信息显示
  • 放入我的书架
  • 预约/预借图书
  • 作者相关作品
  • 分类相关作品
  • 丛书相关作品
  • 出版社相关作品

书目信息

  • 表格格式
  • 工作单格式
  • 卡片格式
题名:
波谱原理及解析
    
 
作者: 常建华 , 董绮功 编著
分册:  
出版信息: 北京   科学出版社  2001
页数: 411页
开本: 24cm
丛书名:
单 册:
中图分类: O581
科图分类:
主题词: 物理学 , 波谱分析--高等学校--教材
电子资源:
ISBN: 7-03-009536-7
000 00655nam0 2200229 45
001 0302241756
005 20031219104105.7
010    @a7-03-009536-7@dCNY35.00
100    @a20030224d2001 km y0chiy0120 ea
101 0  @achi
105    @a z 000yy
200 1  @a波谱原理及解析@ABo Pu Yuan Li Ji Jie Xi@f常建华,董绮功编著@FChang Jian Hua,Dong Qi Gong Bian Zhu
210    @a北京@c科学出版社@d2001
215    @a411页@d24cm
300    @a高等院校选用教材
606 0  @a物理学
606 0  @a波谱分析@x高等学校@x教材
690    @aO581@v4
701  0 @a常建华@4编著
701  0 @a董绮功@4编著
801    @aCN@bTSTC@c20030224
905    @b320100-102@dO581@e14@f3
    
    波谱原理及解析/常建华,董绮功编著.-北京:科学出版社,2001
    411页;24cm
    高等院校选用教材
    
    ISBN 7-03-009536-7:CNY35.00
    
●
相关链接 在E读中查询图书 在五车中查询图书 在当当中查询图书 在豆瓣中查询图书


正题名:波谱原理及解析     索取号:O581/14         预约/预借

序号 登录号 条形码 馆藏地/架位号 状态 备注
1 0320100   203201007   第三借阅区/ [索取号:O581/14] 在馆    
2 0320101   203201016   第三借阅区/ [索取号:O581/14] 在馆    
3 0320102   203201025   第二样本阅览室/ [索取号:O581/14] 在馆    
唐山师范学院图书馆 欢迎您!
大连网信软件有限公司© 版权所有